A clear, impartial guide to compulsory purchase (Record no. 121552)
[ view plain ]
| 000 -LEADER | |
|---|---|
| fixed length control field | 00894nam a22002057a 4500 |
| 008 - FIXED-LENGTH DATA ELEMENTS--GENERAL INFORMATION | |
| fixed length control field | 230623s2021 xxk|||||o|||| 00| 0 eng d |
| 041 ## - LANGUAGE CODE | |
| Language code of text/sound track or separate title | eng |
| 110 ## - MAIN ENTRY--CORPORATE NAME | |
| Corporate author | Royal Institution of Chartered Surveyors |
| 245 ## - TITLE STATEMENT | |
| Title | A clear, impartial guide to compulsory purchase |
| Medium | [Electronic resource] |
| 260 ## - PUBLICATION INFORMATION | |
| Place of publication | London, |
| Publisher | Royal Institution of Chartered Surveyors, |
| Date | September 2021 |
| 300 ## - PHYSICAL DESCRIPTION | |
| Physical description | 16p. |
| 490 ## - SERIES TITLE | |
| Series statement | RICS Consumer guide |
| 520 ## - ABSTRACT | |
| Abstract | A guide for the consumer on what it means if they are advised their property may be compulsorily purchased. Talks about the different types of purchase order, compensation and rights. |
| 650 ## - KEYWORDS | |
| Keywords | RESIDENTIAL PROPERTY |
| 651 ## - SUBJECT ADDED ENTRY--GEOGRAPHIC NAME | |
| Geographic name | UNITED KINGDOM |
| 690 ## - BROAD SUBJECT | |
| 9 (RLIN) | 6228 |
| Broad subject | Compulsory purchase |
| 710 ## - ADDED CORPORATE NAME | |
| Added corporate author | Royal Institution of Chartered Surveyors |
| 856 ## - ONLINE RESOURCE | |
| Uniform Resource Identifier | <a href="https://www.ricsfirms.com/media/1279/cpo-consumer-guide.pdf">https://www.ricsfirms.com/media/1279/cpo-consumer-guide.pdf</a> |
| Public note | Available online |
| 942 ## - ADDED ENTRY ELEMENTS (KOHA) | |
| Suppress in OPAC | Do not suppress in OPAC |
| Lost status | Damaged status | Not for loan | Current library | Shelving location | Date acquired | Total Checkouts | Full call number | Date last seen | Price effective from | Koha item type |
|---|---|---|---|---|---|---|---|---|---|---|
| Virtual | Online | 23/06/2023 | ONLINE PUBLICATION | 23/06/2023 | 23/06/2023 | Online material |